Soprannomi dei calciatori - 1 - Statistics

Statistiche generali
  • Questo quiz è stato fatto 152 volte
  • Il punteggio medio è 9 su 15
Statistiche sulle risposte
Soprannome Calciatore % Corretto
el Pipita Gonzalo Higuaín
99%
er Pupone Francesco Totti
98%
la Pulce Lionel Messi
98%
el Pistolero Luis Suárez
80%
il Cigno di Utrecht Marco Van Basten
80%
el Niño Fernando Torres
76%
Cavallo Pazzo Adrien Rabiot
68%
l'Uragano Harry Kane
66%
Zio Giuseppe Bergomi
63%
il Papero Alexandre Pato
57%
The Wall Walter Samuel
47%
Rombo di Tuono Luigi Riva
46%
Pupi / el Tractor Javier Zanetti
36%
Tyson Angelo Peruzzi
12%
der Titan Oliver Kahn
9%
Nessun quiz corrispondente trovato
Distribuzione punteggi
Percentuale di utenti per punteggio
Percentile per numero di risposta
I tuoi punteggi nel tempo
Non hai fatto questo quiz